Loading...
| Philosophy | 0 | 12 | 2 | 2 | 110 | 13 | 85.17 | 4 | 6 | 0.00 | 0.00 |
| Social Science | 0 | 9 | 1 | 1 | 85 | 39 | 98.00 | 1 | 3 | 0.00 | 0.00 |
| History - European | 0 | 7 | 0 | 0 | 70 | 72 | 112.14 | 0 | 2 | 0.00 | 0.00 |
| History - World | 0 | 8 | 2 | 1 | 70 | 97 | 123.38 | 0 | 0 | 0.00 | 0.00 |
| Fine Arts - Classical Music | 0 | 6 | 0 | 0 | 60 | 96 | 122.67 | 0 | 0 | 0.00 | 0.00 |
| Fine Arts - Painting & Sculpture | 0 | 7 | 3 | 0 | 55 | 75 | 110.14 | 1 | 1 | 0.00 | 0.00 |
| Literature - European | 0 | 5 | 0 | 0 | 50 | 94 | 131.00 | 0 | 1 | 0.00 | 0.00 |
| History - Other | 0 | 5 | 0 | 1 | 50 | 101 | 119.20 | 0 | 0 | 0.00 | 0.00 |
| Literature - American | 0 | 5 | 0 | 1 | 50 | 85 | 114.20 | 0 | 2 | 0.00 | 0.00 |
| Literature - World | 0 | 5 | 0 | 1 | 50 | 108 | 126.80 | 0 | 1 | 0.00 | 0.00 |
| History - American | 0 | 5 | 1 | 1 | 45 | 73 | 106.80 | 0 | 1 | 0.00 | 0.00 |
| Fine Arts - Other | 0 | 4 | 0 | 3 | 40 | 123 | 134.00 | 0 | 0 | 0.00 | 0.00 |
| Religion | 0 | 4 | 1 | 1 | 35 | 113 | 123.00 | 0 | 0 | 0.00 | 0.00 |
| Literature - British | 0 | 3 | 0 | 0 | 30 | 97 | 121.00 | 0 | 1 | 0.00 | 0.00 |
| Current Events | 0 | 2 | 0 | 0 | 20 | 62 | 70.00 | 0 | 0 | 0.00 | 0.00 |
| Other Academic | 0 | 2 | 0 | 2 | 20 | 135 | 136.50 | 0 | 0 | 0.00 | 0.00 |
| Mythology | 0 | 2 | 0 | 1 | 20 | 120 | 132.50 | 0 | 0 | 0.00 | 0.00 |
| Science - Chemistry | 0 | 1 | 0 | 0 | 10 | 119 | 119.00 | 0 | 0 | 0.00 | 0.00 |
| Science - Biology | 0 | 1 | 0 | 0 | 10 | 133 | 133.00 | 0 | 1 | 0.00 | 0.00 |
| Science - Other | 0 | 1 | 0 | 0 | 10 | 51 | 51.00 | 0 | 1 | 0.00 | 0.00 |
| Science - Physics | 0 | 0 | 0 | 0 | 0 | 0.00 | 0 | 0 | 0.00 | 0.00 | |
| Geography | 0 | 0 | 1 | 0 | -5 | 0.00 | 0 | 0 | 0.00 | 0.00 |